01087nam a2200289 a 4500001001200000003000800012006001900020007001500039008004100054010001700095015001500112020001800127020001800145040002100163035002100184050002900205100003700234245008200271260005800353300001000411533015200421650003500573655002900608710001700637856012600654999001700780ebr10231140CaPaEBRm u cr cn|||||||||750311s1955 mnu s 000 0 eng d z 55009369  aGB55-14983 z9780816601059 z9780816662005 aCaPaEBRcCaPaEBR a(OCoLC)64675017914aPS3505.O9637bS42 1955eb1 aCoxe, Louis Osborne,d1918-1993.14aThe second manh[electronic resource] :band other poems /cby Louis O. Coxe. aMinneapolis :bUniversity of Minnesota Press,c[1955] a66 p. aElectronic reproduction.bPalo Alto, Calif. :cebrary,d2013.nAvailable via World Wide Web.nAccess may be limited to ebrary affiliated libraries. 0aAmerican poetryy20th century. 7aElectronic books.2local2 aebrary, Inc.40uhttp://site.ebrary.com/lib/rucke/Doc?id=10231140zAn electronic book accessible through the World Wide Web; click to view c39538d39538